00809nam a2200205 a 450000100100000000500170001000800410002704000250006808200150009310000350010824500640014325000120020726000440021930000320026349000340029550000430032983000420037295201720041499900170058600004581320201002052447.0150515d2001 dr ac 000 0 spa d aDO-SdBNPbspacBNPHU axxxxbxxxx1 aCoiscou Weber, Rodolfo.91973910aHistoria de la cultura dominicana /cRodolfo Coiscou-Weber. a3a. ed. aSanto Domingo :bImpresora Isla,c2001. av. :bil., retrs. ;c21 cm.1 aAntología de nuestra vozv6 aIncluye datos biográficos del autor. 0aAntología de nuestra voz.v6923130 0010718PDaPDbPDcCTd2015-05-15iLF1l0oxxxx xxxxp45813-10r2020-06-25w2020-06-25yLFPDzPerteneció a la biblioteca personal de Erick Landestoy.ZNo se presta c45302d45302